000
00319nam a2200133Ia 4500
008
231017s9999 xx 000 0 und d
082
_a
352.56
082
_b
SUS
245
0
_a
Sustainable Federal Facilities
245
0
_c
National Academy Press
260
_b
National Academy Press
300
_c
30cm
942
_c
REP
999
_c
603528
_d
603528